An evaluation of risk management tools. (Record no. 60648)
[ view plain ]
| 000 -LEADER | |
|---|---|
| fixed length control field | 00779cam a2200169 4500 |
| 001 - CONTROL NUMBER | |
| control field | ABS60970 |
| 008 - FIXED-LENGTH DATA ELEMENTS--GENERAL INFORMATION | |
| fixed length control field | 000000n1999 000 0 eng u |
| 035 ## - SYSTEM CONTROL NUMBER | |
| System control number | (Sirsi) u101516 |
| 100 ## - MAIN ENTRY--PERSONAL NAME | |
| Personal name | Elseth, B. |
| 245 #3 - TITLE STATEMENT | |
| Title | An evaluation of risk management tools. |
| 260 ## - PUBLICATION, DISTRIBUTION, ETC. | |
| Date of publication, distribution, etc. | 1999 |
| 490 ## - SERIES STATEMENT | |
| Series statement | Cost Engineer |
| Volume/sequential designation | 37(4) July 1999, 13-18(6) |
| 520 ## - SUMMARY, ETC. | |
| Summary, etc. | Assesses a commercial off-the-shelf risk management tool, two templates offering quantitative support and two uncertainty simulation tools. Evaluates them on how long it takes to learn to use them and how long it takes to run them. This paper was originally presented at the 15th International Cost Engineering Congress. |
| 650 ## - SUBJECT ADDED ENTRY--TOPICAL TERM | |
| Topical term or geographic name entry element | RISK MANAGEMENT |
| 690 ## - LOCAL SUBJECT ADDED ENTRY--TOPICAL TERM (OCLC, RLIN) | |
| Topical term or geographic name as entry element | MANAGEMENT-BUSINESS MANAGEMENT-INFORMATION MANAGEMENT |
| 942 ## - ADDED ENTRY ELEMENTS (KOHA) | |
| Suppress in OPAC | 0 |
| Withdrawn status | Lost status | Source of classification or shelving scheme | Damaged status | Not for loan | Home library | Current library | Shelving location | Date acquired | Total Checkouts | Full call number | Barcode | Date last seen | Copy number | Price effective from | Koha item type |
|---|---|---|---|---|---|---|---|---|---|---|---|---|---|---|---|
| Dewey Decimal Classification | London | London | Journal article | 05/11/1999 | ABS60970 | 101516-1001 | 06/08/2019 | 1 | 06/08/2019 | Journal article |